| 000 | 00607nam a2200181 i 4500 | ||
|---|---|---|---|
| 001 | 47276 | ||
| 003 | ES-MaACL | ||
| 005 | 20230906161531.0 | ||
| 007 | t| | ||
| 008 | 030404s1964 xxu ||||1| eng d | ||
| 100 | 1 |
_aCooper, James Fenimore. _940390 |
|
| 245 | 1 | 4 |
_aThe pioneers or The sources of the Susquehanna / _cJames Fenimore Cooper ; with an afterword by Robert E. Spiller. |
| 260 |
_a[New York] : _bNew American Library, _c[1964] |
||
| 300 |
_aIX, 10-448 p. ; _c18 cm. |
||
| 700 | 1 |
_aSpiller, Robert E. _9107731 |
|
| 740 | 4 | _aThe sources of the Susquehanna. | |
| 852 |
_aES-MaACL _jC-36207 _bR.66133 |
||
| 999 |
_c47276 _d47276 |
||